<?xml version="1.0" encoding="UTF-8"?>
<record
    xmlns:xsi="http://www.w3.org/2001/XMLSchema-instance"
    xsi:schemaLocation="http://www.loc.gov/MARC21/slim http://www.loc.gov/standards/marcxml/schema/MARC21slim.xsd"
    xmlns="http://www.loc.gov/MARC21/slim">

  <leader>01527namaa22003251i 4500</leader>
  <controlfield tag="005">20260408100003.0</controlfield>
  <controlfield tag="008">260226s1996    ua a|||frm||| 000 0 eng d</controlfield>
  <datafield tag="040" ind1=" " ind2=" ">
    <subfield code="a">EG-GICUC</subfield>
    <subfield code="b">eng</subfield>
    <subfield code="c">EG-GICUC</subfield>
    <subfield code="d">EG-GICUC</subfield>
    <subfield code="e">rda</subfield>
  </datafield>
  <datafield tag="041" ind1="0" ind2=" ">
    <subfield code="a">eng</subfield>
    <subfield code="b">eng</subfield>
    <subfield code="b">ara</subfield>
  </datafield>
  <datafield tag="049" ind1=" " ind2=" ">
    <subfield code="a">Deposit</subfield>
  </datafield>
  <datafield tag="097" ind1=" " ind2=" ">
    <subfield code="a">M.Sc</subfield>
  </datafield>
  <datafield tag="099" ind1=" " ind2=" ">
    <subfield code="a">Cai01.17.05.M.Sc.1996.Ta.A.</subfield>
  </datafield>
  <datafield tag="100" ind1="0" ind2=" ">
    <subfield code="a">Taghried Kamal Omar, </subfield>
    <subfield code="e">preparation.</subfield>
  </datafield>
  <datafield tag="245" ind1="1" ind2="0">
    <subfield code="a">Assessment Of Nursing Care Given To Children Suffering From Pneumonia At New Pediatric Hospital / </subfield>
    <subfield code="c">By Taghried Kamal Omar; Supervisors Prof.Dr. Salah Nassar, Prof. Dr. Magda Mohamed Youssef, Dr. Mirret Mohamed Darwish.</subfield>
  </datafield>
  <datafield tag="246" ind1="1" ind2="5">
    <subfield code="a">&#x62A;&#x642;&#x64A;&#x64A;&#x645; &#x627;&#x644;&#x631;&#x639;&#x627;&#x64A;&#x629; &#x627;&#x644;&#x62A;&#x645;&#x631;&#x64A;&#x636;&#x64A;&#x629; &#x627;&#x644;&#x645;&#x639;&#x637;&#x627;&#x629; &#x644;&#x644;&#x623;&#x637;&#x641;&#x627;&#x644; &#x627;&#x644;&#x630;&#x64A;&#x646; &#x64A;&#x639;&#x627;&#x646;&#x648;&#x646; &#x645;&#x646; &#x627;&#x644;&#x623;&#x644;&#x62A;&#x647;&#x627;&#x628; &#x627;&#x644;&#x631;&#x626;&#x648;&#x64A; &#x628;&#x645;&#x633;&#x62A;&#x634;&#x641;&#x649; &#x627;&#x644;&#x623;&#x637;&#x641;&#x627;&#x644; &#x627;&#x644;&#x62C;&#x62F;&#x64A;&#x62F; </subfield>
  </datafield>
  <datafield tag="264" ind1=" " ind2="0">
    <subfield code="c">1996.</subfield>
  </datafield>
  <datafield tag="300" ind1=" " ind2=" ">
    <subfield code="a">153 Leaves : </subfield>
    <subfield code="b">illustrations ; </subfield>
    <subfield code="c">30 cm. + </subfield>
  </datafield>
  <datafield tag="336" ind1=" " ind2=" ">
    <subfield code="2">rda content</subfield>
    <subfield code="a">text</subfield>
  </datafield>
  <datafield tag="337" ind1=" " ind2=" ">
    <subfield code="2">rdamedia</subfield>
    <subfield code="a">Unmediated</subfield>
  </datafield>
  <datafield tag="338" ind1=" " ind2=" ">
    <subfield code="2">rdacarrier</subfield>
    <subfield code="a">volume</subfield>
  </datafield>
  <datafield tag="502" ind1=" " ind2=" ">
    <subfield code="a">Thesis (M.Sc.)-Cairo University, 1996.    </subfield>
  </datafield>
  <datafield tag="504" ind1=" " ind2=" ">
    <subfield code="a">Bibliography: pages 138-153. </subfield>
  </datafield>
  <datafield tag="653" ind1=" " ind2="0">
    <subfield code="a">Pediatric Nursing </subfield>
  </datafield>
  <datafield tag="700" ind1="0" ind2=" ">
    <subfield code="a">Salah Nassar</subfield>
    <subfield code="e">thesis advisor.</subfield>
  </datafield>
  <datafield tag="700" ind1="0" ind2=" ">
    <subfield code="a">Magda Mohamed Youssef </subfield>
    <subfield code="e">thesis advisor.</subfield>
  </datafield>
  <datafield tag="700" ind1="0" ind2=" ">
    <subfield code="a">Mirret Mohamed Darwish</subfield>
    <subfield code="e">thesis advisor.</subfield>
  </datafield>
  <datafield tag="900" ind1=" " ind2=" ">
    <subfield code="D">Department of Pediatric Nursing  </subfield>
    <subfield code="F">Faculty of High Institute Of Nursing </subfield>
    <subfield code="U">Cairo University</subfield>
    <subfield code="b">1996</subfield>
    <subfield code="c">Salah Nassar</subfield>
    <subfield code="c">Magda Mohamed Youssef </subfield>
    <subfield code="c">Mirret Mohamed Darwish</subfield>
  </datafield>
  <datafield tag="905" ind1=" " ind2=" ">
    <subfield code="a">Eman El gebaly </subfield>
    <subfield code="e">Nourhan</subfield>
  </datafield>
  <datafield tag="942" ind1=" " ind2=" ">
    <subfield code="2">ddc</subfield>
    <subfield code="c">TH</subfield>
    <subfield code="e">21</subfield>
    <subfield code="n">0</subfield>
  </datafield>
  <datafield tag="999" ind1=" " ind2=" ">
    <subfield code="c">178746</subfield>
  </datafield>
  <datafield tag="952" ind1=" " ind2=" ">
    <subfield code="2">ddc</subfield>
    <subfield code="9">315287</subfield>
    <subfield code="a">CUCL</subfield>
    <subfield code="b">100</subfield>
    <subfield code="d">2026-02-26</subfield>
    <subfield code="i">27977</subfield>
    <subfield code="o">Cai01.17.05.M.Sc.1996.Ta.A.</subfield>
    <subfield code="p">01010110027977000</subfield>
    <subfield code="r">2026-02-26 09:59:18</subfield>
    <subfield code="w">2026-02-26</subfield>
    <subfield code="y">TH</subfield>
  </datafield>
</record>
